Fisiología digestiva / (Registro nro. 2153)

Detalles MARC
000 -LEADER
fixed length control field 00938nam a2200289 a 4500
005 - FECHA ULTIMA MODIFICACION
control field 20240506103348.0
008 - CAMPO DE CONTROL (LIBRO)
fixed length control field 100323t1994||||ag a f |||| 000 0 spa d
020 ## - INTERNATIONAL STANDARD BOOK NUMBER
ISBN 9504354866
041 ## - CODIGO DE IDIOMA
Código de idioma del texto/pista de sonido o título separado spa
092 ## - SIGNATURA TOPOGRAFICA DEWEY LOCAL
número de clasificación 612.3
libristica 25
sección FIS
245 ## - TITULO PROPIAMENTE DICHO
Título Fisiología digestiva /
Mención de responsabilidad y remanente de la transcripción de la portada Pablo Scacchi.
250 ## - MENCION DE EDICION
Mención de edición 4a ed. 1a reimp.
260 ## - PIE DE IMPRENTA
Lugar de publicación, distribución, etc Buenos Aires:
Nombre de la editorial, distribuidor, etc el autor;
Fecha de publicación 1994
300 ## - DESCRIPCION FISICA
Extension 252 p.
Otros detalles físicos il.
500 ## - NOTA GENERAL
Nota general Scacchi, P. et al. (1994). Fisiología digestiva. (4a ed.). Buenos Aires : el autor.
653 ## - TÉRMINO INDIZADO - PALABRAS CLAVES
Palabra clave Motilidad
653 ## - TÉRMINO INDIZADO - PALABRAS CLAVES
Palabra clave Secreción
653 ## - TÉRMINO INDIZADO - PALABRAS CLAVES
Palabra clave Digestión: física / química
653 ## - TÉRMINO INDIZADO - PALABRAS CLAVES
Palabra clave Absorción: mezcla absortiva optima
653 ## - TÉRMINO INDIZADO - PALABRAS CLAVES
Palabra clave Estructura general del tubo digestivo
653 ## - TÉRMINO INDIZADO - PALABRAS CLAVES
Palabra clave Regulación funcional del tubo digestivo
700 1# - ENTRADAS SECUNDARIAS - NOMBRE PERSONAL
Nombre personal Scacchi, Pablo
9 (RLIN) 245
700 1# - ENTRADAS SECUNDARIAS - NOMBRE PERSONAL
Nombre personal López De Luise, Gustavo A.
9 (RLIN) 246
700 1# - ENTRADAS SECUNDARIAS - NOMBRE PERSONAL
Nombre personal Tumilasci, Omar R.
9 (RLIN) 247
700 1# - ENTRADAS SECUNDARIAS - NOMBRE PERSONAL
Nombre personal López Gastón, Alberto
9 (RLIN) 248
942 ## - ADDED ENTRY ELEMENTS (KOHA)
Source of classification or shelving scheme Dewey Decimal Classification
Item type Libros
Existencias
Estado de retiro Existencia Fuente de clasificación Estado general No para prestamo Ubicación permanente ubicación actual Sala de ubicación Fecha de adquisición Fuente de adquisición Total Checkouts Número de clasificación Código de barras Date last seen Date last borrowed Número de ejemplar Price effective from Koha tipo de elemento (item) Public note
    Dewey Decimal Classification     Biblioteca Medicina Biblioteca Medicina Circulación 10/04/2015 Donación Marisa Urrere, Abril 2015 3 612.3 25 FIS 3475 25/09/2017 22/09/2017 Ej.6 10/04/2015 Libros Donación Marisa Urrere, Abril 2015

UNIVERSIDAD NACIONAL DEL COMAHUE
Biblioteca de la Facultad de Ciencias Médicas
Sede Toschi: Los Arrayanes y Av. Toschi, Cipolletti  - Rio Negro
Sede Los Tordos:  Yrigoyen al 2211, Cipolletti - Rio Negro 

Teléfono: 0299 - 4774707 int 25
Contacto: biblioteca@facimed.uncoma.edu.ar
© 2011 - 2026